Texte zum Vorsehungsglauben

Saved in:  
Bibliographic Details
Main Author: Kentenich, Joseph 1885-1968 (Author)
Format: Print Book
Language:German
Subito Delivery Service: Order now.
Check availability: HBZ Gateway
Interlibrary Loan:Interlibrary Loan for the Fachinformationsdienste (Specialized Information Services in Germany)
Published: Vallendar-Schönstatt Patris-Verlag 1974
In:Year: 1974

MARC

LEADER 00000cam a22000002c 4500
001 1608838900
003 DE-627
005 20230706181234.0
007 tu
008 960828s1974 xx ||||| 00| ||ger c
020 |a 387620013X 
020 |a 3876200148 
035 |a (DE-627)1608838900 
035 |a (DE-576)05397297X 
035 |a (DE-599)BSZ05397297X 
040 |a DE-627  |b ger  |c DE-627  |e rakwb 
041 |a ger 
084 |a BN 7200  |2 rvk  |0 (DE-625)rvk/13824: 
100 1 |0 (DE-588)118561421  |0 (DE-627)079358152  |0 (DE-576)208986669  |4 aut  |a Kentenich, Joseph  |d 1885-1968 
109 |a Kentenich, Joseph 1885-1968  |a Kentenich, József 1885-1968  |a Kentenich, J. 1885-1968  |a Kentenich, Josef 1885-1968  |a Pater Joseph Kentenich SAC 1885-1968  |a Warth, Bonifatia 1885-1968  |a Kentenich, Iosif 1885-1968  |a Kentenich, Józef 1885-1968  |a Kentenich, Peter Josef 1885-1968  |a Kentenich, Józef O. 1885-1968  |a Kentenich Pater 1885-1968  |a Kentenich, P. Josef 1885-1968  |a Kentenich, José 1885-1968 
245 1 0 |a Texte zum Vorsehungsglauben  |c Joseph Kentenich. Hrsg. von August Ziegler 
263 |a kart. : DM 14.50 
264 1 |a Vallendar-Schönstatt  |b Patris-Verlag  |c 1974 
300 |a 249 S. 
336 |a Text  |b txt  |2 rdacontent 
337 |a ohne Hilfsmittel zu benutzen  |b n  |2 rdamedia 
338 |a Band  |b nc  |2 rdacarrier 
601 |a Vorsehungsglaube 
935 |a mteo 
936 r v |a BN 7200  |b Heilswille Gottes (Prädestination, Reprobation)  |k Theologie und Religionswissenschaften  |k Dogmatik und Dogmengeschichte  |k Spezielle Dogmatik  |k Gnadenlehre  |k Systematische Einzelfragen  |k Heilswille Gottes (Prädestination, Reprobation)  |0 (DE-627)1270654586  |0 (DE-625)rvk/13824:  |0 (DE-576)200654586 
951 |a BO 
ELC |b 1 
LOK |0 000 xxxxxcx a22 zn 4500 
LOK |0 001 4919634471 
LOK |0 003 DE-627 
LOK |0 004 1608838900 
LOK |0 005 20260220165315 
LOK |0 008 260218||||||||||||||||ger||||||| 
LOK |0 040   |a DE-Tue135  |c DE-627  |d DE-Tue135 
LOK |0 092   |o n 
LOK |0 852   |a DE-Tue135 
LOK |0 852 1  |9 00 
LOK |0 935   |a ixma 
LOK |0 939   |a 18-02-26  |b l01 
ORI |a TA-MARC-ixtheoa001.raw